000 01149nam a22002537i 4500
999 _c22788
_d22788
003 AR-CdUCM
008 240307b20212021pe ||||| |||| 00| 0 spa d
040 _aMUNICIPALIDAD PROVINCIAL DEL CUSCO
_cBIBLIOTECA MUNICIPAL DEL CUSCO
082 _a370.1170985613 / U24M
_bU24M
110 _aUnidad de Gestión Educativa Local de Quispicanchi
_949458
245 _aModelo de Gestión Educativa en la diversidad territorial con pertinencia cultural y lingüística.
260 _aQuispcanchi-Cusco :
_c2021
300 _a111 páginas. :
_c24 cm.
505 _aFundamentos normativos que sustentan el modelo de gestión educativa -- Enfoques que sustentan el modelo de gestión -- Marco conceptual del modelo de gestión -- Caracterización de la dimensión educativa.
650 _aModelo de gestión educativa
_949450
650 _aProyecto educativo
_949451
650 _aEducación neutral
_949452
650 _aDialogo intercultural
_949453
650 _aDimensión educativa
_949454
710 _aGerencia regionalde educación Cusco
_949459
710 _aGobierno Regional del Cusco
_99437
942 _2ddc
_cLIBROS
945 _apbj
_d07-03-2021